| 000 | 00971nam a2200229Ia 4500 | ||
|---|---|---|---|
| 001 | 9157 | ||
| 003 | GE_BSU | ||
| 008 | 181216s||||||||xx |||||||||||||| ||und|| | ||
| 040 | _cGE_BSU | ||
| 080 | _a821.353.1-32 | ||
| 100 | _aკლდიაშვილი,დავით | ||
| 245 | _aთხზულებანი. ტ.2. | ||
| 245 | _bთხზულებათა სრული კრებული ორ ტომად | ||
| 245 | _cწინას. ავტ. ს.ჭილაია.რედ.ს.კლდიაშვილი | ||
| 260 | _aთბილისი | ||
| 260 | _bსაბჭ.მწერლის გამ–ბა | ||
| 260 | _c1952 | ||
| 300 | _a404გვ.23სმ. | ||
| 520 | _aდანართი:შენიშვნები გვ.389-394. დავით კლდიაშვილის ლექსიკონი–მ.ალავიძე გვ.395-402 | ||
| 653 | _aთხზულებანი | ||
| 942 | _cBK | ||
| 999 |
_c42461 _d42461 |
||